[Event "chess.com Speed 2021"]
[Site "chess.com INT"]
[Date "2021.11.29"]
[Round "1.14"]
[White "Caruana, Fabiano"]
[Black "Vachier-Lagrave, Maxime"]
[Result "1-0"]
[WhiteTitle "GM"]
[BlackTitle "GM"]
[WhiteElo "2791"]
[BlackElo "2766"]
[WhiteFideId "2020009"]
[BlackFideId "623539"]
[EventDate "2021.11.08"]
[EventType "k.o."]

1. c4 c5 2. Nf3 Nf6 3. Nc3 Nc6 4. g3 d5 5. cxd5 Nxd5 6. Bg2 g6 7. h4 Bg7 8. h5
Bf5 9. h6 Bf6 10. O-O O-O 11. Nxd5 Qxd5 12. d3 Qd7 13. Be3 b6 14. Rb1 Rac8 15.
Nd2 Rfd8 16. Ne4 Be5 17. b3 Bh3 18. Rc1 Bxg2 19. Kxg2 f5 20. Ng5 Bf6 21. Qc2
Qd5+ 22. f3 Nd4 23. Qd2 a5 24. Nh3 e5 25. Bg5 Qe6 26. Rce1 Rd7 27. e4 Rcd8 28.
f4 fxe4 29. Rxe4 Nf5 30. Rf3 Bxg5 31. Nxg5 Qc6 32. fxe5 Nxh6 33. e6 Re7 34. g4
Qd5 35. Qf4 Qd6 36. Qf6 Rde8 37. Nf7 1-0

[Event "chess.com Speed 2021"]
[Site "chess.com INT"]
[Date "2021.11.29"]
[Round "1.15"]
[White "Vachier-Lagrave, Maxime"]
[Black "Caruana, Fabiano"]
[Result "1-0"]
[WhiteTitle "GM"]
[BlackTitle "GM"]
[WhiteElo "2766"]
[BlackElo "2791"]
[WhiteFideId "623539"]
[BlackFideId "2020009"]
[EventDate "2021.11.08"]
[EventType "k.o."]

1. e4 e5 2. Nf3 Nc6 3. Bb5 a6 4. Ba4 d6 5. O-O Bd7 6. c3 g6 7. d4 Bg7 8. Bg5 f6
9. Be3 Nh6 10. dxe5 fxe5 11. Bg5 Qc8 12. Bb3 Na5 13. Bd5 c6 14. Bb3 Qc7 15. Bc2
Nf7 16. Nbd2 b5 17. Be3 O-O 18. Qe2 Be6 19. Rfd1 Nc4 20. Nxc4 Bxc4 21. Bd3 Be6
22. c4 Qe7 23. Rac1 Rac8 24. h3 Bf6 25. Qd2 Kh8 26. b3 Rg8 27. Be2 h5 28. Nh2
Rgd8 29. Nf1 Bg5 30. Rc3 b4 31. Rd3 Bxe3 32. Rxe3 c5 33. Rg3 Kh7 34. Nh2 Rg8 35.
Rd3 a5 36. Qe3 a4 37. R3d2 Ra8 38. Nf3 g5 39. Nh2 g4 40. hxg4 hxg4 41. Nf1 Qg5
42. Rxd6 Nxd6 43. Rxd6 Qxe3 44. Nxe3 Rg6 45. Bd1 axb3 46. axb3 g3 47. fxg3 Rxg3
48. Kf2 Rg6 49. Rc6 Ra2+ 50. Kg1 Rg3 51. Bf3 Bh3 52. Nf5 Bxf5 53. exf5 e4 54.
Bxe4 Re3 55. Re6 Kg7 56. Rg6+ Kf8 57. Bd5 Ke7 58. f6+ Kd7 59. f7 Ra1+ 60. Kf2
Ree1 61. Kg3 Rf1 62. Rg8 Ke7 63. Re8+ 1-0

[Event "chess.com Speed 2021"]
[Site "chess.com INT"]
[Date "2021.11.29"]
[Round "1.16"]
[White "Caruana, Fabiano"]
[Black "Vachier-Lagrave, Maxime"]
[Result "1-0"]
[WhiteTitle "GM"]
[BlackTitle "GM"]
[WhiteElo "2791"]
[BlackElo "2766"]
[WhiteFideId "2020009"]
[BlackFideId "623539"]
[EventDate "2021.11.08"]
[EventType "k.o."]

1. d4 Nf6 2. Nf3 g6 3. g3 Bg7 4. Bg2 O-O 5. O-O d5 6. Nbd2 a5 7. a4 Ne4 8. Nxe4
dxe4 9. Ne5 f6 10. Nc4 Be6 11. b3 f5 12. e3 c5 13. c3 Nc6 14. Ba3 cxd4 15. exd4
Rc8 16. Qe2 Re8 17. Rad1 Bd5 18. Bc5 Bxc4 19. bxc4 e5 20. dxe5 Qc7 21. Bd6 Qf7
22. f4 Nd8 23. c5 Ne6 24. Qb5 Bf8 25. Rf2 Nxc5 26. Bf1 e3 27. Rc2 Ne4 28. c4
Bxd6 29. exd6 Rc5 30. Qb6 Qd7 31. Bg2 Qc6 32. Qb3 Rd8 33. Qxe3 Rxd6 34. Rxd6
Qxd6 35. Bxe4 fxe4 36. Qxe4 Rc7 37. Kg2 Qc6 38. Qxc6 Rxc6 39. Kf3 Rb6 40. Ke4
Rb4 41. Kd4 b6 42. Kc3 Rxa4 43. Rb2 Ra3+ 44. Kd4 a4 45. Rxb6 Ra2 46. Ra6 Kf7 47.
Kd5 Rxh2 48. Rxa4 Rg2 49. Ra3 Rd2+ 50. Kc6 Ke6 51. c5 Kf5 52. Kc7 Kg4 53. c6 h5
54. Rb3 Rc2 55. Kd7 Rd2+ 56. Kc8 h4 57. gxh4 Kxh4 58. Rb4 Kg4 59. c7 1-0

[Event "chess.com Speed 2021"]
[Site "chess.com INT"]
[Date "2021.11.29"]
[Round "1.17"]
[White "Vachier-Lagrave, Maxime"]
[Black "Caruana, Fabiano"]
[Result "1/2-1/2"]
[WhiteTitle "GM"]
[BlackTitle "GM"]
[WhiteElo "2766"]
[BlackElo "2791"]
[WhiteFideId "623539"]
[BlackFideId "2020009"]
[EventDate "2021.11.08"]
[EventType "k.o."]

1. e4 e5 2. Nf3 Nc6 3. Bb5 a6 4. Ba4 d6 5. O-O Bd7 6. c3 g6 7. d4 Bg7 8. Bg5 f6
9. Be3 Nh6 10. dxe5 fxe5 11. Bg5 Qc8 12. Bb3 Na5 13. Bd5 c6 14. Bb3 Qc7 15. Bc2
Nf7 16. Nbd2 b5 17. Be3 O-O 18. Qe2 Be6 19. Rfd1 Bf6 20. Bd3 Nb7 21. c4 Nc5 22.
Bc2 b4 23. Nb3 Na4 24. Bd3 c5 25. h3 a5 26. Rab1 Nb6 27. Nbd2 a4 28. Nf1 Qe7 29.
Rbc1 h6 30. N1h2 Kh7 31. Qd2 Rad8 32. Bf1 Ng5 33. Bd3 Nxf3+ 34. Nxf3 Bg7 35. Be2
Rxf3 36. Bxf3 Nxc4 37. Rxc4 Bxc4 38. Bxc5 Bxa2 39. Bxb4 Qb7 40. Qc3 Rc8 41. Qa3
Bb3 42. Re1 Qb6 43. Bxd6 Rc2 44. Re2 Rc8 45. Rd2 Qc6 46. Kh2 h5 47. Qb4 Bh6 48.
Bxe5 Re8 49. Rd6 Qc7 50. Qd4 Rxe5 51. Rd7+ Qxd7 52. Qxd7+ Bg7 53. g4 hxg4 54.
Qxg4 Rc5 55. Qh4+ Kg8 56. Qd8+ Kh7 57. Kg2 Rc2 58. Qh4+ Kg8 59. e5 Rxb2 60. Qd4
a3 61. Bd5+ Bxd5+ 62. Qxd5+ Kh7 63. e6 a2 64. e7 Re2 65. e8=Q Rxe8 66. Qxa2 Re5
67. Qc4 Rh5 68. f4 Rf5 69. Qc7 Rh5 70. Kg3 Rf5 71. Kg4 Rh5 72. h4 Rf5 73. Qd7
Rh5 74. Qe6 Rf5 75. Qxf5 gxf5+ 76. Kxf5 Kh6 77. Kg4 Bf6 78. h5 Be7 79. f5 Bf6
80. Kf4 Kxh5 81. Ke4 Kg5 82. Kd5 Kxf5 1/2-1/2

[Event "chess.com Speed 2021"]
[Site "chess.com INT"]
[Date "2021.11.29"]
[Round "1.18"]
[White "Caruana, Fabiano"]
[Black "Vachier-Lagrave, Maxime"]
[Result "1-0"]
[WhiteTitle "GM"]
[BlackTitle "GM"]
[WhiteElo "2791"]
[BlackElo "2766"]
[WhiteFideId "2020009"]
[BlackFideId "623539"]
[EventDate "2021.11.08"]
[EventType "k.o."]

1. e4 c5 2. Nf3 Nc6 3. Bb5 g6 4. Bxc6 bxc6 5. O-O Bg7 6. Re1 Nh6 7. c3 O-O 8. d4
cxd4 9. cxd4 f6 10. Nc3 Nf7 11. Be3 d6 12. Rc1 Bg4 13. h3 Bd7 14. Ne2 Qa5 15. a3
Rab8 16. Qc2 e5 17. Red1 h6 18. dxe5 fxe5 19. Rd2 Rfc8 20. Ng3 Be6 21. Qd1 Bb3
22. Qe1 Bf6 23. h4 Be6 24. h5 g5 25. Nh2 d5 26. Bc5 Rb3 27. Qd1 Rbb8 28. b4 Qd8
29. Ng4 d4 30. Nf5 Bxf5 31. exf5 Kg7 32. Bxa7 Ra8 33. Bc5 Rxa3 34. b5 Ra5 35.
bxc6 Qd5 36. Rdc2 d3 37. Ne3 Qb3 38. Rd2 Qxd1+ 39. Rdxd1 e4 40. c7 Be5 41. Bb6
Rb5 42. Rc6 Rxb6 43. Rxb6 Rxc7 44. Rg6+ Kh7 45. Ng4 Bd4 46. Re6 1-0

[Event "chess.com Speed 2021"]
[Site "chess.com INT"]
[Date "2021.11.29"]
[Round "1.21"]
[White "Vachier-Lagrave, Maxime"]
[Black "Caruana, Fabiano"]
[Result "1/2-1/2"]
[WhiteTitle "GM"]
[BlackTitle "GM"]
[WhiteElo "2766"]
[BlackElo "2791"]
[WhiteFideId "623539"]
[BlackFideId "2020009"]
[EventDate "2021.11.08"]
[EventType "k.o."]

1. e4 e5 2. Nf3 Nc6 3. Bb5 a6 4. Ba4 d6 5. O-O Bd7 6. c3 g6 7. d4 Bg7 8. Re1 Nf6
9. Nbd2 O-O 10. Nf1 exd4 11. cxd4 Bg4 12. Ng3 b5 13. Bb3 Bxf3 14. gxf3 Na5 15.
Be3 Nd7 16. Rc1 Nxb3 17. Qxb3 c5 18. dxc5 dxc5 19. Bxc5 Nxc5 20. Rxc5 Qd4 21.
Rc2 Rac8 22. Rec1 Rxc2 23. Rxc2 h5 24. Kg2 h4 25. Ne2 Qe5 26. Qe3 f5 27. h3 Rd8
28. Qg5 Qf6 29. Qxf6 Bxf6 30. Nf4 Rd4 31. Rc8+ Kf7 32. Rc7+ Ke8 33. Rc6 Kf7 34.
Nd5 Be5 35. Rxa6 fxe4 36. fxe4 Rxe4 37. Rb6 Re2 38. Rxb5 Bd4 39. Ne3 Bxe3 40.
Kf3 Rxf2+ 41. Kxe3 Rh2 42. Kf3 Rxh3+ 43. Kg4 Rh1 44. a4 h3 45. a5 g5 46. b4 Ke6
47. Kg3 Kd6 48. a6 Ra1 49. Rb6+ Kc7 50. Rb7+ Kc8 51. b5 g4 52. Rh7 Kb8 53. Kxg4
Ra5 54. Rh8+ Ka7 55. Rh7+ Kb8 56. Rb7+ Ka8 57. Kxh3 Rxa6 58. bxa6 1/2-1/2

[Event "chess.com Speed 2021"]
[Site "chess.com INT"]
[Date "2021.11.29"]
[Round "1.22"]
[White "Caruana, Fabiano"]
[Black "Vachier-Lagrave, Maxime"]
[Result "1-0"]
[WhiteTitle "GM"]
[BlackTitle "GM"]
[WhiteElo "2791"]
[BlackElo "2766"]
[WhiteFideId "2020009"]
[BlackFideId "623539"]
[EventDate "2021.11.08"]
[EventType "k.o."]

1. e4 c6 2. d4 d5 3. e5 Bf5 4. h4 h6 5. g4 Bd7 6. Nc3 e6 7. Be3 Ne7 8. h5 Qb6 9.
Qd2 Nc8 10. O-O-O Na6 11. f4 c5 12. dxc5 Bxc5 13. Bxc5 Nxc5 14. Nf3 Ne7 15. Nd4
Rc8 16. Kb1 O-O 17. g5 hxg5 18. fxg5 Nc6 19. h6 g6 20. h7+ Kh8 21. Qf4 Qd8 22.
Ndb5 Qe7 23. Nd6 Rcd8 24. Bb5 Be8 25. Bxc6 bxc6 26. Ne2 Nd7 27. Nd4 Nxe5 28.
Nxe8 Nd7 29. Nf6 e5 30. Nxc6 1-0

[Event "chess.com Speed 2021"]
[Site "chess.com INT"]
[Date "2021.11.29"]
[Round "1.23"]
[White "Vachier-Lagrave, Maxime"]
[Black "Caruana, Fabiano"]
[Result "0-1"]
[WhiteTitle "GM"]
[BlackTitle "GM"]
[WhiteElo "2766"]
[BlackElo "2791"]
[WhiteFideId "623539"]
[BlackFideId "2020009"]
[EventDate "2021.11.08"]
[EventType "k.o."]

1. e4 e5 2. Nf3 Nc6 3. Bb5 a6 4. Ba4 d6 5. O-O Bd7 6. c3 g6 7. d4 Bg7 8. Re1 Nf6
9. Nbd2 O-O 10. Nf1 exd4 11. cxd4 Bg4 12. Ng3 b5 13. Bb3 Nd7 14. Be3 Na5 15. Rc1
Rc8 16. Qd2 Nxb3 17. axb3 Bxf3 18. gxf3 c5 19. d5 Ne5 20. Kg2 c4 21. bxc4 Nxc4
22. Qb4 Qd7 23. Rb1 a5 24. Qb3 b4 25. Ra1 Bxb2 26. Rxa5 Bc3 27. Raa1 Nxe3+ 28.
fxe3 Bxe1 29. Rxe1 Qb5 30. Ne2 Qc4 31. Qb2 b3 32. Rb1 Qd3 33. Nd4 Qxe3 34. Nc6
Qg5+ 35. Kh1 f5 36. e5 dxe5 37. Qxe5 Rce8 38. Qb2 Re3 39. d6 Rfe8 40. Rf1 Rd3
41. Ne5 Rxd6 42. Qxb3+ Rde6 43. f4 Qe7 44. Rd1 Kh8 45. Rd7 Qh4 46. Qc3 Kg8 47.
Nf3 Qf6 48. Ne5 Rxe5 49. fxe5 Qxe5 50. Qc4+ Qe6 51. Qxe6+ Rxe6 52. Kg2 Rf6 53.
Kf3 Rf7 54. Rd8+ Kg7 55. Kf4 Re7 56. Rd4 Kh6 57. Kf3 Kg5 58. Rb4 Kh5 0-1

[Event "chess.com Speed 2021"]
[Site "chess.com INT"]
[Date "2021.11.29"]
[Round "1.24"]
[White "Caruana, Fabiano"]
[Black "Vachier-Lagrave, Maxime"]
[Result "0-1"]
[WhiteTitle "GM"]
[BlackTitle "GM"]
[WhiteElo "2791"]
[BlackElo "2766"]
[WhiteFideId "2020009"]
[BlackFideId "623539"]
[EventDate "2021.11.08"]
[EventType "k.o."]

1. e4 e6 2. d4 d5 3. Nc3 Nf6 4. e5 Nfd7 5. f4 c5 6. Nf3 Nc6 7. Be3 a6 8. Ne2 Qb6
9. Rb1 Be7 10. c3 O-O 11. Ng3 f6 12. exf6 Nxf6 13. dxc5 Bxc5 14. Nd4 e5 15. fxe5
Ng4 16. Bg1 Nxd4 17. Bxd4 Nf2 18. Bxc5 Qxc5 19. Qd4 Qxd4 20. cxd4 Nxh1 21. Nxh1
Bf5 22. Rc1 Rac8 23. Rc3 Rxc3 24. bxc3 Rc8 25. Kd2 Rc6 26. Ng3 Bg6 27. Be2 Rb6
28. c4 dxc4 29. Bxc4+ Kf8 30. Bb3 Bf7 31. d5 Rxb3 32. axb3 Bxd5 33. Kc3 Bxg2 34.
Nf5 g6 35. Ne3 Bf3 36. Kd4 Ke7 37. b4 Ke6 38. Nc4 g5 39. Nd2 Bd5 40. Nf1 h5 41.
Ng3 Bf3 42. Ke3 h4 0-1

[Event "chess.com Speed 2021"]
[Site "chess.com INT"]
[Date "2021.11.29"]
[Round "1.25"]
[White "Vachier-Lagrave, Maxime"]
[Black "Caruana, Fabiano"]
[Result "1-0"]
[WhiteTitle "GM"]
[BlackTitle "GM"]
[WhiteElo "2766"]
[BlackElo "2791"]
[WhiteFideId "623539"]
[BlackFideId "2020009"]
[EventDate "2021.11.08"]
[EventType "k.o."]

1. e4 e5 2. Nf3 Nc6 3. Bc4 Nf6 4. d3 Be7 5. O-O O-O 6. Re1 h6 7. Nc3 d6 8. a4
Re8 9. h3 Bf8 10. a5 a6 11. Nh2 Be6 12. Nd5 Bxd5 13. exd5 Ne7 14. Qf3 Ng6 15.
Bb3 Nh7 16. g3 Ng5 17. Qh5 Nh7 18. h4 Qc8 19. Qg4 Qxg4 20. Nxg4 f5 21. h5 Nh8
22. Ne3 f4 23. Ng4 fxg3 24. fxg3 Nf7 25. Rf1 Be7 26. Ba4 Rf8 27. Bd7 Bg5 28. Be6
Rae8 29. Ne3 Nf6 30. Kg2 Kh8 31. c4 Nd8 32. Bf5 Kg8 33. Bg6 Nf7 34. Nf5 Bxc1 35.
Raxc1 Rd8 36. Rce1 Ng5 37. Ne7+ Kh8 38. Bf5 Rfe8 39. Ng6+ Kg8 40. g4 c6 41. dxc6
bxc6 42. b4 Rb8 43. Rb1 d5 44. b5 cxb5 45. cxb5 axb5 46. Rfc1 e4 47. dxe4 dxe4
48. a6 Ra8 49. Rc6 e3 50. Nf4 e2 51. Re1 b4 52. Rxe2 Rxe2+ 53. Nxe2 Nge4 54. Nd4
Nc3 55. Be6+ Kh7 56. Bf5+ Kg8 57. Ne6 Ncd5 58. Nc5 Ne3+ 59. Kf3 Nxf5 60. gxf5
Nxh5 61. Rb6 Nf6 62. Rxb4 Nd5 63. Rb7 h5 64. a7 Kh7 65. Ne6 Kh6 66. Rxg7 h4 67.
Rg6+ Kh7 68. Rg7+ Kh6 69. Rb7 h3 70. Kg3 Rg8+ 71. Kxh3 1-0

[Event "chess.com Speed 2021"]
[Site "chess.com INT"]
[Date "2021.11.29"]
[Round "1.26"]
[White "Caruana, Fabiano"]
[Black "Vachier-Lagrave, Maxime"]
[Result "0-1"]
[WhiteTitle "GM"]
[BlackTitle "GM"]
[WhiteElo "2791"]
[BlackElo "2766"]
[WhiteFideId "2020009"]
[BlackFideId "623539"]
[EventDate "2021.11.08"]
[EventType "k.o."]

1. e4 e6 2. d4 d5 3. Nc3 Nf6 4. e5 Nfd7 5. f4 c5 6. Nf3 Nc6 7. Be3 Be7 8. a3 a6
9. Bd3 b5 10. O-O c4 11. Be2 f5 12. Qd2 Nb6 13. Kh1 Bd7 14. Rg1 Qc7 15. Nd1
O-O-O 16. b4 Kb7 17. Bf2 Ra8 18. Nc3 Qd8 19. Qe1 Be8 20. Rd1 Bh5 21. h3 Bxf3 22.
Bxf3 h5 23. Qe2 h4 24. Ra1 Qd7 25. Rgb1 Rhb8 26. a4 Nxa4 27. Nxa4 bxa4 28. c3
Kc7 29. Qe1 a5 30. b5 Na7 31. Bd1 a3 32. Ba4 Qd8 33. Qc1 Nc8 34. Ra2 Nb6 35. Bd1
a4 36. Be3 Ra5 37. Qc2 Qd7 38. Bc1 Rxb5 39. Rba1 Rb3 40. Bxa3 Bxa3 41. Rxa3 Qe7
42. R3a2 g5 43. Qd2 gxf4 44. Qxf4 Rxc3 45. Bxa4 Ra8 46. Bb5 Rxa2 47. Rxa2 Kb7
48. Ba6+ Kc6 49. Rb2 Qa3 50. Bb5+ Kb7 51. Qxh4 Qxb2 52. Qe7+ Kb8 53. Qd6+ Kc8
54. Qc6+ Kd8 55. Qe8+ Kc7 56. Qc6+ Kd8 57. Qxb6+ Ke7 58. Qd6+ Kf7 59. Qd7+ Kg6
60. Qxe6+ Kg5 61. Qf6+ Kf4 62. Qh6+ Ke4 63. Qh4+ f4 64. Qe1+ Re3 0-1

[Event "chess.com Speed 2021"]
[Site "chess.com INT"]
[Date "2021.11.29"]
[Round "1.27"]
[White "Vachier-Lagrave, Maxime"]
[Black "Caruana, Fabiano"]
[Result "1-0"]
[WhiteTitle "GM"]
[BlackTitle "GM"]
[WhiteElo "2766"]
[BlackElo "2791"]
[WhiteFideId "623539"]
[BlackFideId "2020009"]
[EventDate "2021.11.08"]
[EventType "k.o."]

1. e4 e5 2. Nf3 Nc6 3. Bc4 Nf6 4. d3 Be7 5. O-O O-O 6. Re1 d6 7. a4 h6 8. h3 Be6
9. Bxe6 fxe6 10. c3 Qe8 11. b4 Qg6 12. Be3 Rf7 13. Nbd2 Raf8 14. b5 Na5 15. Kh2
Qh7 16. Rg1 g5 17. Ne1 Qg6 18. g4 d5 19. f3 Bd6 20. Kg2 c5 21. c4 d4 22. Bf2 h5
23. Bg3 Rh7 24. Ra2 Nd7 25. Nb3 Nxb3 26. Qxb3 Rff7 27. a5 Qf6 28. Rf2 Nf8 29.
Kf1 Ng6 30. Ke2 hxg4 31. fxg4 Qg7 32. Rh2 Qf8 33. Qa3 Rf6 34. Rgg2 Rhf7 35. Qc1
Be7 36. Kd1 Rf1 37. Qd2 R7f3 38. Kc2 Re3 39. Bf2 Rexe1 40. Bxe1 Rf7 41. Bg3 Rf4
42. Rf2 Kg7 43. Kb3 Qd8 44. Bxf4 exf4 45. e5 Nxe5 46. Qe2 Bf6 47. Ka4 a6 48. b6
Qd7+ 49. Ka3 Nc6 50. h4 gxh4 51. g5 Be7 52. Rxh4 Nb4 53. Qe5+ 1-0

[Event "chess.com Speed 2021"]
[Site "chess.com INT"]
[Date "2021.11.29"]
[Round "1.28"]
[White "Caruana, Fabiano"]
[Black "Vachier-Lagrave, Maxime"]
[Result "1/2-1/2"]
[WhiteTitle "GM"]
[BlackTitle "GM"]
[WhiteElo "2791"]
[BlackElo "2766"]
[WhiteFideId "2020009"]
[BlackFideId "623539"]
[EventDate "2021.11.08"]
[EventType "k.o."]

1. e4 c5 2. Nf3 d6 3. d4 cxd4 4. Nxd4 Nf6 5. Nc3 a6 6. Bg5 e6 7. f4 Qb6 8. a3
Be7 9. Qd3 Nc6 10. O-O-O Qxd4 11. Qxd4 Nxd4 12. Rxd4 h6 13. Bxf6 Bxf6 14. Rxd6
Bxc3 15. bxc3 Bd7 16. Bd3 Bc6 17. Kd2 Ke7 18. Rd4 g5 19. f5 exf5 20. exf5 Rhd8
21. Re1+ Kf6 22. g3 Rd5 23. Be4 Rc5 24. Rd6+ Kg7 25. f6+ Kf8 26. Bxc6 Rxc6 27.
Rxc6 Rd8+ 28. Kc1 bxc6 29. Re7 Rd6 30. Ra7 Rxf6 31. Rxa6 Ke7 32. Ra7+ Kd8 33. a4
Rf2 34. a5 Kc8 35. a6 Kb8 36. Rb7+ Ka8 37. Kb2 f5 38. Rf7 Rxh2 39. Rxf5 Ka7 40.
Rf6 Kxa6 41. Rxc6+ Kb7 42. Rg6 Rh3 43. Kb3 Rxg3 44. Rxh6 Rf3 45. Rg6 Rf5 46. c4
Kc7 47. Kb4 Kb7 48. c5 Rf1 49. Rxg5 Kc6 50. Rg6+ Kc7 51. Kc4 Rc1 52. c3 Rd1 53.
Rg4 Rh1 54. Kb5 Rb1+ 55. Rb4 Rc1 56. Rb3 Rh1 57. c4 Rh6 58. Rg3 Rf6 59. Rg7+ Kc8
60. c6 Rf1 61. Kc5 Rh1 62. Rg5 Kc7 63. Rd5 Rg1 64. Rd7+ Kc8 65. Ra7 Rh1 66. Rg7
Rf1 67. c7 Rf6 68. Kb5 Rh6 69. c5 Rf6 70. Rh7 Rg6 71. Rf7 Rh6 72. Rg7 Rf6 73.
Rh7 Rg6 74. Rf7 Rh6 1/2-1/2

[Event "chess.com Speed 2021"]
[Site "chess.com INT"]
[Date "2021.11.29"]
[Round "1.29"]
[White "Vachier-Lagrave, Maxime"]
[Black "Caruana, Fabiano"]
[Result "1-0"]
[WhiteTitle "GM"]
[BlackTitle "GM"]
[WhiteElo "2766"]
[BlackElo "2791"]
[WhiteFideId "623539"]
[BlackFideId "2020009"]
[EventDate "2021.11.08"]
[EventType "k.o."]

1. e4 e5 2. Nf3 Nc6 3. Bb5 a6 4. Ba4 d6 5. O-O Bd7 6. c3 g6 7. d4 Bg7 8. Bg5 f6
9. Be3 Nh6 10. dxe5 fxe5 11. Bg5 Qc8 12. Bb3 Na5 13. Bd5 c6 14. Bb3 Qc7 15. Bc2
Nf7 16. Nbd2 b5 17. Be3 O-O 18. Qe2 Be6 19. Bd3 Nb7 20. b4 c5 21. a4 c4 22. Bc2
Rfb8 23. a5 Rf8 24. Rfd1 Nbd8 25. Nf1 Nc6 26. h3 Ne7 27. Ng5 Nxg5 28. Bxg5 Bf6
29. Bh6 Bg7 30. Bg5 Bf6 31. Be3 Qc6 32. Rd2 Rad8 33. Rad1 Rd7 34. Nh2 Bg7 35.
Bg5 Nc8 36. Qe3 Rdf7 37. Rf1 Qd7 38. Bd1 Ne7 39. Bg4 Bf6 40. Bxe6 Qxe6 41. Bxf6
Rxf6 42. Ng4 Rf4 43. Qb6 Nc8 44. Qxa6 Rxe4 45. Qxb5 Ne7 46. a6 d5 47. a7 d4 48.
Qb7 dxc3 49. Qxe4 1-0

[Event "chess.com Speed 2021"]
[Site "chess.com INT"]
[Date "2021.11.29"]
[Round "1.31"]
[White "Caruana, Fabiano"]
[Black "Vachier-Lagrave, Maxime"]
[Result "0-1"]
[WhiteTitle "GM"]
[BlackTitle "GM"]
[WhiteElo "2791"]
[BlackElo "2766"]
[WhiteFideId "2020009"]
[BlackFideId "623539"]
[EventDate "2021.11.08"]
[EventType "k.o."]

1. d4 Nf6 2. Nf3 g6 3. g3 Bg7 4. Bg2 O-O 5. O-O d5 6. Nbd2 a5 7. a4 Bf5 8. c3
Nbd7 9. h3 h5 10. Ng5 e5 11. dxe5 Nxe5 12. Nb3 c6 13. Nd4 Bd7 14. Bf4 Qe7 15.
Qc2 Rfe8 16. Rad1 Nc4 17. Rfe1 Nd6 18. b3 Nde4 19. c4 dxc4 20. bxc4 Rad8 21. Nb3
Bf5 22. Qc1 Rxd1 23. Rxd1 Nxg5 24. Bxg5 Qxe2 25. Nd4 Qe5 26. Bf4 Qc5 27. Nxf5
Qxf5 28. Re1 Rxe1+ 29. Qxe1 h4 30. Qe3 hxg3 31. fxg3 Qc2 32. Qb6 Nh5 33. Bc7
Qd1+ 34. Kh2 Bd4 0-1

[Event "chess.com Speed 2021"]
[Site "chess.com INT"]
[Date "2021.11.29"]
[Round "1.32"]
[White "Vachier-Lagrave, Maxime"]
[Black "Caruana, Fabiano"]
[Result "0-1"]
[WhiteTitle "GM"]
[BlackTitle "GM"]
[WhiteElo "2766"]
[BlackElo "2791"]
[WhiteFideId "623539"]
[BlackFideId "2020009"]
[EventDate "2021.11.08"]
[EventType "k.o."]

1. d4 Nf6 2. Nf3 e6 3. g3 d5 4. Bg2 Be7 5. c4 O-O 6. O-O dxc4 7. Qc2 a6 8. a4
Bd7 9. Qxc4 Bc6 10. Bg5 Nbd7 11. Nc3 h6 12. Bxf6 Nxf6 13. e3 a5 14. Ne5 Bxg2 15.
Kxg2 c6 16. Rfc1 Bb4 17. Nd3 Qe7 18. Nxb4 axb4 19. Ne2 Ra5 20. Nf4 Rfa8 21. b3
Nd5 22. Nd3 f5 23. Ra2 Kh7 24. Re2 Rd8 25. Ree1 Raa8 26. e4 fxe4 27. Rxe4 b5 28.
Qxc6 bxa4 29. Rxe6 Qf7 30. Ne5 Qf5 31. Rd6 Rac8 32. Qxd5 Rxd6 33. Qxd6 Rxc1 34.
Qxb4 Qe4+ 35. Nf3 a3 36. Qxa3 Rc3 37. Qf8 Rxb3 38. Qf7 Rd3 39. h4 Rxd4 40. Qb3
Rd3 41. Qf7 Rc3 42. Qf8 Rc1 43. Qf7 Rd1 44. Kh2 Rd3 45. Kg2 Rd5 46. Kh2 Rf5 0-1

[Event "chess.com Speed 2021"]
[Site "chess.com INT"]
[Date "2021.11.29"]
[Round "1.33"]
[White "Caruana, Fabiano"]
[Black "Vachier-Lagrave, Maxime"]
[Result "0-1"]
[WhiteTitle "GM"]
[BlackTitle "GM"]
[WhiteElo "2791"]
[BlackElo "2766"]
[WhiteFideId "2020009"]
[BlackFideId "623539"]
[EventDate "2021.11.08"]
[EventType "k.o."]

1. e4 c5 2. Nc3 Nc6 3. Bb5 g6 4. Bxc6 bxc6 5. Nf3 Bg7 6. O-O e5 7. Na4 d6 8. a3
Ne7 9. b4 O-O 10. bxc5 d5 11. d3 f5 12. Bg5 h6 13. Bxe7 Qxe7 14. exd5 cxd5 15.
d4 e4 16. Ne5 Bxe5 17. dxe5 Qxe5 18. Rb1 d4 19. Rb4 Rd8 20. Qd2 Ba6 21. Rd1 d3
22. Re1 dxc2 23. Qxc2 Rac8 24. Qc1 Kg7 25. h3 Rc7 26. Nb2 Rxc5 27. Qe3 Rd7 28.
Na4 Rc2 29. Rb3 Bc4 30. Rc3 Rxc3 31. Nxc3 f4 32. Qc1 e3 33. fxe3 f3 34. Nd1 Qg3
35. Qc3+ Kh7 0-1

[Event "chess.com Speed 2021"]
[Site "chess.com INT"]
[Date "2021.11.29"]
[Round "1.34"]
[White "Vachier-Lagrave, Maxime"]
[Black "Caruana, Fabiano"]
[Result "0-1"]
[WhiteTitle "GM"]
[BlackTitle "GM"]
[WhiteElo "2766"]
[BlackElo "2791"]
[WhiteFideId "623539"]
[BlackFideId "2020009"]
[EventDate "2021.11.08"]
[EventType "k.o."]

1. d4 e6 2. Nf3 c5 3. c4 cxd4 4. Nxd4 Nf6 5. Nc3 Bb4 6. Bd2 O-O 7. a3 Bc5 8. e3
b6 9. Be2 Bb7 10. O-O Nc6 11. Bf3 Rc8 12. b4 Be7 13. Rc1 a6 14. Nb3 Qc7 15. Qe2
Ne5 16. Bxb7 Qxb7 17. Na4 Ne4 18. Nb2 Bf6 19. Rfd1 d5 20. Be1 h6 21. cxd5 exd5
22. Nd4 b5 23. Nb3 Nc4 24. Nd3 Qe7 25. Nbc5 Rfd8 26. Nxe4 dxe4 27. Nf4 Rxd1 28.
Rxd1 Rd8 29. Nd5 Qe6 30. Nxf6+ Qxf6 31. Rxd8+ Qxd8 32. Bc3 Qd3 33. Qe1 Nxa3 34.
h3 Nc2 35. Qd2 Qxd2 36. Bxd2 f5 37. Kf1 Kf7 38. Ke2 Ke6 39. Kd1 Na3 40. Bc1 Nc4
41. Kc2 g5 42. Kc3 h5 43. Kb3 Kd5 44. Kc3 g4 45. hxg4 fxg4 46. g3 Ne5 47. Bd2
Nd3 0-1

[Event "chess.com Speed 2021"]
[Site "chess.com INT"]
[Date "2021.11.29"]
[Round "1.35"]
[White "Caruana, Fabiano"]
[Black "Vachier-Lagrave, Maxime"]
[Result "1-0"]
[WhiteTitle "GM"]
[BlackTitle "GM"]
[WhiteElo "2791"]
[BlackElo "2766"]
[WhiteFideId "2020009"]
[BlackFideId "623539"]
[EventDate "2021.11.08"]
[EventType "k.o."]

1. d4 Nf6 2. Nf3 g6 3. e3 Bg7 4. Be2 O-O 5. O-O b6 6. c4 Bb7 7. Nc3 e6 8. b4 d6
9. a4 a5 10. b5 Nbd7 11. Bb2 Re8 12. Qc2 e5 13. Rad1 exd4 14. exd4 Ne4 15. Rfe1
Nxc3 16. Bxc3 Nf6 17. d5 Nd7 18. Nd4 Nc5 19. Bf3 Qf6 20. g3 Re5 21. Kg2 Rxe1 22.
Rxe1 Rf8 23. h4 h5 24. Ba1 Qd8 25. Nc6 Bxc6 26. Bxg7 Kxg7 27. dxc6 Re8 28. Qc3+
Kg8 29. Rxe8+ Qxe8 30. Qf6 Ne6 31. Bd5 Qd8 32. Qxd8+ Nxd8 33. Kf3 Ne6 34. Bxe6
fxe6 35. Kf4 Kg7 36. Kg5 e5 37. f3 Kf7 38. g4 hxg4 39. fxg4 Kg7 40. h5 gxh5 41.
gxh5 Kh7 42. Kf5 Kh6 43. Ke6 e4 44. Kd7 e3 45. Kxc7 e2 46. Kxb6 e1=Q 47. c7 Qe3+
48. Kb7 Qe4+ 49. Kb8 Qxc4 50. c8=Q Qxa4 51. Qh8+ Kg5 52. b6 Qc6 53. b7 d5 54.
Ka7 Qc5+ 55. Ka8 Qc6 56. h6 a4 57. h7 Qa6+ 58. Kb8 Qd6+ 59. Ka7 Qc5+ 60. Ka8
Qa5+ 61. Kb8 a3 62. Qg8+ Kf4 63. h8=Q 1-0